000
00292nam a2200133Ia 4500
005
20251222144902.0
008
251222s9999||||xx |||||||||||||| ||spa||
020
_a
84-8280-945-8
082
_a
813.54/U77T
100
_a
Uris, Leon
245
0
_a
Topaz
264
_b
Oveja Negra
942
_c
LIB
999
_c
22026
_d
22026